00342nam a2200097 4500008004100000022001300041245011400054246002200168260004300190300001100233240220b |||||||| |||| 00| 0 eng d a17296242 aSouth Asian journal 14 : Quarterly Magazine of South Asian Journalists & scholars : bOctober - December 2006 aIndo-Pak dialogue aLahore :bFree Media foundation,c2006 b180 p.